Central Library OPAC University of Rajshahi

The economics of development and distribution / (Record no. 44911)

MARC details
000 -LEADER
fixed length control field 00816nam a2200265 a 4500
001 - CONTROL NUMBER
control field 44911
003 - CONTROL NUMBER IDENTIFIER
rucl marc code BD-RjUL
005 - DATE AND TIME OF LATEST TRANSACTION
control field 20211209053933.0
008 - FIXED-LENGTH DATA ELEMENTS--GENERAL INFORMATION
fixed length control field 160721s1981 nyua b 001 0 eng
020 ## - INTERNATIONAL STANDARD BOOK NUMBER
International Standard Book Number 0155189050
035 ## - SYSTEM CONTROL NUMBER
System control number (BD-RjUL)45029
040 ## - CATALOGING SOURCE
Original cataloging agency DLC
Transcribing agency DLC
Modifying agency DLC
Language of cataloging eng
041 ## - LANGUAGE CODE
Language code of text/sound track or separate title eng
082 00 - DEWEY DECIMAL CLASSIFICATION NUMBER
Classification number 338.9
Edition number 19
Author mark and year LOE 1981
100 1# - MAIN ENTRY--PERSONAL NAME
Personal name Loehr, William.
9 (RLIN) 137626
245 14 - TITLE STATEMENT
Title The economics of development and distribution /
Statement of responsibility, etc. William Loehr, John P. Powelson.
260 ## - PUBLICATION, DISTRIBUTION, ETC. (IMPRINT)
Place of publication, distribution, etc. New York :
Name of publisher, distributor, etc. Harcourt Brace Jovanovich,
Date of publication, distribution, etc. c1981.
300 ## - PHYSICAL DESCRIPTION
Pagination xi, 436 p. :
Illustrations ill. ;
Size 24 cm.
504 ## - BIBLIOGRAPHY, ETC. NOTE
Bibliography, etc Includes bibliographies and indexes.
650 #0 - SUBJECT ADDED ENTRY--TOPICAL TERM
Topical term or geographic name as entry element Economic development.
9 (RLIN) 137627
Topical term or geographic name as entry element Income distribution.
9 (RLIN) 124386
700 1# - ADDED ENTRY--PERSONAL NAME
Personal name Powelson, John P.,
Dates associated with a name 1920-
942 ## - ADDED ENTRY ELEMENTS (KOHA)
Source of classification or shelving scheme Dewey Decimal Classification
Koha item type Books
Holdings
Lost status Source of classification or shelving scheme Damaged status Not for loan Collection code Permanent Location Current Location Shelving location Date acquired Total Checkouts Full call number Date last seen Copy number Koha item type
  Dewey Decimal Classification   Not For Loan Non-fiction Central Library, University of Rajshahi Central Library, University of Rajshahi Reading Room 23/04/1995   338.9 LOE 1981 21/07/2016 C-1 Books